| 000 | 00838nam0a2200289 4500 | ||
|---|---|---|---|
| 001 | RU\NLR\BIBL_A\012168786 | ||
| 005 | 20200109114039.0 | ||
| 010 |
_a978-5-6042429-3-3 _9100 |
||
| 021 |
_aRU _bКН-П-19-087622 _9КН-П-19-6389 |
||
| 035 | _a(NLR Aleph) 012168786 | ||
| 035 | _a(RuMoRGB)010165889 | ||
| 090 |
_a12230610 _c12230610 |
||
| 100 | _a20191220d2019 u y0rusy50 ca | ||
| 101 | 0 | _arus | |
| 102 | _aRU | ||
| 105 | _ay|||z|||000gy | ||
| 200 | 1 |
_aСтихи 21 век _fМезенов Алексей |
|
| 210 |
_aСанкт-Петербург _cСИНЭЛ _d2019 |
||
| 215 |
_a73 с. _d22 |
||
| 686 | 2 | _aШ6(2=Р)8-5 | |
| 700 | 1 |
_aМезенов _bА. _gАлексей |
|
| 942 | _cBOOK | ||
| 980 | _aNBR | ||
| 980 | _aNB | ||